Hát với nhau Tuyển tập nhạc sinh hoạt

Tuyển tập gồm 135 ca khúc ngắn dùng trong ca múa tập thể. Những người tổ chức cắm trại cho sinh viên, học sinh trung học, tiểu học hay nhà trẻ có thể tuyển chọn từng nhóm bài trong tuyển tập này kèm theo những động tác vui múa tập thể thà...

詳細記述

保存先:
書誌詳細
フォーマット: 図書
言語:Undetermined
出版事項: Tp. HCM Trẻ 1998
主題:
タグ: タグ追加
タグなし, このレコードへの初めてのタグを付けませんか!
Thư viện lưu trữ: Trung tâm Học liệu Trường Đại học Cần Thơ
LEADER 00994nam a2200193Ia 4500
001 CTU_27097
008 210402s9999 xx 000 0 und d
020 |b 8.500đ 
082 |a 781.5 
082 |b H110 
245 0 |a Hát với nhau 
245 0 |b Tuyển tập nhạc sinh hoạt 
260 |a Tp. HCM 
260 |b Trẻ 
260 |c 1998 
520 |a Tuyển tập gồm 135 ca khúc ngắn dùng trong ca múa tập thể. Những người tổ chức cắm trại cho sinh viên, học sinh trung học, tiểu học hay nhà trẻ có thể tuyển chọn từng nhóm bài trong tuyển tập này kèm theo những động tác vui múa tập thể thành những hoạt cảnh theo từng chủ đề từ khai cuộc đến nhập cuộc và kết thúc. 
650 |a songs, vietnamese 
904 |i Nguyễn Quang Điền, 981109 
980 |a Trung tâm Học liệu Trường Đại học Cần Thơ